000 01873nam a22002417a 4500
003 NALT
005 20230210153908.0
008 230203b th ||||| |||| 00| 0 tha d
040 _aNALT
050 _aDS 571
_bส667
245 1 0 _aสารคดีประวัติศาสตร์ "เรื่องเมืองไทย" 2 /
_cวิทยา นาคธร, รวบรวมเรียบเรียง ; นิตยสาร 'ฟ้าตำรวจ'.
250 _aพิมพ์ครั้งแรก.
260 _aกรุงเทพฯ :
_bเทพพิทักษ์การพิมพ์,
_cม.ป.ป..
300 _a682 หน้า :
_bภาพประกอบ ;
_c26 ซม.
505 1 _aการปฏิรูปการเมืองสมัย ร.7 -- เริ่มการปกครองในระบออบประชาธิปไตย -- พระราชทานรัฐธรรมนูญฉบับถาวร -- การเลือกตั้งสมาชิกสภาผู้แทนครั้งแรก -- การอภอปรายไม่ไว้วางใจครั้งสำคัญ -- หลวงพิบูลย์ฯ เป็นนายกรัฐมนตรีครั้งแรก -- รัฐบาลเฉพาะกิจ -- ร.8 สวรรคต -- การปฏิรูปการเมืองการปกครองในสมัยรัฐบาลจอมพล ป.
651 4 _94350
_aไทย
_xประวัติศาสตร์
700 0 _960050
_aวิทยา นาคธร
710 2 _960128
_aนิตยสาร 'ฟ้าตำรวจ'
850 _aNALT
942 _cGB
_2lcc
998 _abijaya
_bphon
_cphon
_j104
_k นางสาวสายฝน ดีงาม
999 _c101377
_d101377